000 00318nam a22001457a 4500
008 230522b ||||| |||| 00| 0 eng d
020 _a9782264048301
041 _aFRA
080 _a82
082 _a82
100 _a38
101 _aGJL
245 _aINTO THE WILD DOMAINE ETRANGER
_cKRAKAUER.J
942 _2udc
_cBK
999 _c59790
_d59790